Medioambiente y adaptación humana en la prehistoria de Santo Domingo / (Registro nro. 13536)

Detalles MARC
000 -LEADER
fixed length control field 01532nam a2200289 a 4500
001 - CONTROL NUMBER
control field 000027640
003 - CONTROL NUMBER IDENTIFIER
control field DO-SdBNP
005 - DATE AND TIME OF LATEST TRANSACTION
control field 20230221101848.0
008 - FIXED-LENGTH DATA ELEMENTS--GENERAL INFORMATION
fixed length control field 110404s1976 dr ab r 001 0 spa d
040 ## - CATALOGING SOURCE
Original cataloging agency BPMSU
Language of cataloging spa
Transcribing agency BPMSU
082 #4 - DEWEY DECIMAL CLASSIFICATION NUMBER
Classification number 972.9301
Item number V443m 1976
Edition number 22
100 1# - MAIN ENTRY--PERSONAL NAME
Personal name Veloz Maggiolo, Marcio,
Dates associated with a name 1936-2021
245 10 - TITLE STATEMENT
Title Medioambiente y adaptación humana en la prehistoria de Santo Domingo /
Statement of responsibility, etc. Marcio Veloz Maggiolo.
260 ## - PUBLICATION, DISTRIBUTION, ETC. (IMPRINT)
Place of publication, distribution, etc. Santo Domingo
-- Taller,
Date of publication, distribution, etc. 1976.
300 ## - PHYSICAL DESCRIPTION
Extent v. :
Other physical details il., mapas ;
Dimensions 22 cm.
490 0# - SERIES STATEMENT
Series statement Publicaciones de la Universidad Autónoma de Santo Domingo;
-- Historia y sociedad,
Volume/sequential designation 200/24
500 ## - GENERAL NOTE
General note
505 0# - FORMATTED CONTENTS NOTE
Formatted contents note Los hallazgos pre-cerámicos actuales: su ubicación,15 | CAPÍTULO II. Los yacimientos guías: descripción para su entendimiento, 39-181 | CAPÍTULO III. Esquemas sinópticos para el poblamiento pre-cerámico, 201-203 | CAPÍTULO IV. Formación económico-social y modo de producción, 235-242 | CAPÍTULO V. Medioambientes antillanos. 249-257 | CAPÍTULO VI. Subtradiciones e instrumental, 265-270 | CAPÍTULO VII. Modelos de producción de la variante híbrida 289 | Conclusiones preliminares
590 ## - LOCAL NOTE (RLIN)
Local note Inventariado, 2023/VM
650 #4 - SUBJECT ADDED ENTRY--TOPICAL TERM
Topical term or geographic name as entry element Arqueología
General subdivision historia
650 #4 - SUBJECT ADDED ENTRY--TOPICAL TERM
Topical term or geographic name as entry element Arqueología indígena
650 #4 - SUBJECT ADDED ENTRY--TOPICAL TERM
Topical term or geographic name as entry element Excavaciones arqueológicas
Geographic subdivision Santo Domingo (República Dominicana)
Form subdivision
650 #4 - SUBJECT ADDED ENTRY--TOPICAL TERM
Topical term or geographic name as entry element Arte precolombino
651 #4 - SUBJECT ADDED ENTRY--GEOGRAPHIC NAME
Geographic name República Dominicana
General subdivision Historia
Chronological subdivision Época prehistórica, hasta 1492
910 ## - USER-OPTION DATA (OCLC)
User-option data VMateo V. Cotrol de calidad
942 ## - ADDED ENTRY ELEMENTS (KOHA)
Source of classification or shelving scheme Dewey Decimal Classification
Koha item type Libros
Existencias
Withdrawn status Lost status Source of classification or shelving scheme Damaged status Not for loan Collection code Home library Current library Date acquired Full call number Barcode Date last seen Copy number Price effective from Koha item type
    Dewey Decimal Classification     Colección Dominicana Biblioteca Pública Metropolitana Salomé Ureña Biblioteca Pública Metropolitana Salomé Ureña 05/26/2021 BPMSU CD 972.9301 V443m 1976 BPMSU21050172 05/26/2021 v.1 05/26/2021 Libros
    Dewey Decimal Classification     Colección Dominicana Biblioteca Pública Metropolitana Salomé Ureña Biblioteca Pública Metropolitana Salomé Ureña 05/26/2021 BPMSU CD 972.9301 V443m 1976 BPMSU21050173 05/26/2021 v.2 05/26/2021 Libros